000 00246nam a2200097Ia 4500
001 645879
005 20250826153632.0
008 250824s9999 xx 000 0 und d
245 0 _aNEREDEN NEREYE BULUŞLAR
_cANNA CLAYBOURNE
260 _bGENÇ TİMAŞ
999 _c645879
_d645879